Southville International School and Colleges
Your cart is empty.
  • Cart
  • Lists
    Public lists Eva Luna New books Lux_list list_1
    Your lists Log in to create your own lists
  • Log in to your account
  • Your cookies
  • Search history
Southville International School and Colleges
  • Advanced search
  • Recent comments
  • Most popular
  • Libraries

Log in to your account

Log in with GOOGLE


If you do not have an external account, but do have a local account, you can still log in:

  1. Home
  2. MARC view: Psychology /
Normal view MARC view ISBD view

Psychology / (Record no. 118060)

[ view plain ]
MARC details
000 -LEADER
fixed length control field 00643nam a2200205Ia 4500
003 - CONTROL NUMBER IDENTIFIER
control field PILC
005 - DATE AND TIME OF LATEST TRANSACTION
control field 20160130101104.0
008 - FIXED-LENGTH DATA ELEMENTS--GENERAL INFORMATION
fixed length control field 140609s9999 xx 000 0 und d
020 ## - INTERNATIONAL STANDARD BOOK NUMBER
International Standard Book Number 9789810696696
050 ## - LIBRARY OF CONGRESS CALL NUMBER
Classification number BF 121
Item number .C52 2012
100 ## - MAIN ENTRY--PERSONAL NAME
Personal name Ciccarelli, Saundra K.
245 ## - TITLE STATEMENT
Title Psychology /
Statement of responsibility, etc Saundra K. Ciccarelli, J. Noland White
250 ## - EDITION STATEMENT
Edition statement 3rd edition.
260 ## - PUBLICATION, DISTRIBUTION, ETC. (IMPRINT)
Place of publication, distribution, etc Upper Saddle River :
Name of publisher, distributor, etc Pearson Prentice Hall,
Date of publication, distribution, etc 2012.
300 ## - PHYSICAL DESCRIPTION
Extent 609 pages :
Other physical details illustrations ;
Dimensions 28 cm.
500 ## - GENERAL NOTE
General note Includes bibliographical references, appendices, glossary and index.
650 ## - SUBJECT ADDED ENTRY--TOPICAL TERM
Topical term or geographic name as entry element Psychology.
942 ## - ADDED ENTRY ELEMENTS (KOHA)
Call number prefix Foreign
Koha item type Books
Source of classification or shelving scheme Library of Congress Classification
Holdings
Withdrawn status Lost status Damaged status Home library Current library Shelving location Date acquired Total Checkouts Total Renewals Full call number Barcode Date last seen Date checked out Price effective from Koha item type
      College Library College Library Reserve Section 06/09/2014 6 4 BF 121 .C52 2012 C18348 10/05/2018 09/13/2018 06/09/2014 Books

Psychology /

APA

Ciccarelli S. K., . (2012). Psychology. Upper Saddle River: Pearson Prentice Hall.

Chicago

Ciccarelli Saundra K, . 2012. Psychology. Upper Saddle River: Pearson Prentice Hall.

Harvard

Ciccarelli S. K., . (2012). Psychology. Upper Saddle River: Pearson Prentice Hall.

MLA

Ciccarelli Saundra K, . Psychology. Upper Saddle River: Pearson Prentice Hall. 2012.

  • Place hold
  • Print
  • Cite
  • Add to your cart (remove)
  • Save record
    BIBTEX Dublin Core MARCXML MARC (non-Unicode/MARC-8) MARC (Unicode/UTF-8) MARC (Unicode/UTF-8, Standard) MODS (XML) RIS
  • More searches
    Search for this title in:
    Other Libraries (WorldCat) Other Databases (Google Scholar) Online Stores (Bookfinder.com) Open Library (openlibrary.org)

Exporting to Dublin Core...

SOUTHVILLE LIBRARY

Southville International School and Colleges Library

1281 Tropical Ave. Cor. Luxembourg St., BF Homes International, Las Pinas City

Tel. No. 8256374 / 252358 Loc. 117/146

Powered by Koha